LEADER 01183nam 22004335u 450 001 9910158698403321 005 20211006144839.0 010 $a9783318040340 010 $a3318040347 035 $a(CKB)3780000000101334 035 $a(OCoLC)956495324 035 $a(SZ-BaSKA)220239 035 $a(MiAaPQ)EBC31865741 035 $a(Au-PeEL)EBL31865741 035 $a(EXLCZ)993780000000101334 100 $a20211006d1982 uy 0 101 0 $aeng 135 $aurunu||||| 181 $ctxt$2rdacontent 182 $cc$2rdamedia 183 $acr$2rdacarrier 200 10$aCytomegalovirus and Immunity / $f J.D. Hamilton 205 $a1st ed. 210 $aBasel : $cS. Karger, $d1982 215 $a1 online resource (VI + 108 pages) : $c 2 figures, 12 tables 225 1 $aIssn Series 311 08$a9783805534956 311 08$a3805534957 410 0$aIssn Series 606 $aInfectious Diseases 615 14$aInfectious Diseases 676 $a616/.0194 700 $aHamilton$b J.D$01216540 801 0$bUKSKG 801 1$bUKSKG 906 $aBOOK 912 $a9910158698403321 996 $aCytomegalovirus and Immunity$92812719 997 $aUNINA LEADER 00808nam 2200277 450 001 996697072103316 005 20260210115241.0 100 $a20260109d1965----km y0itay5003 ba 101 0 $aita 102 $aIT 105 $ay 00 y 200 1 $aCose lette$fGaetano Castellano 210 $aPadova$cCEDAM$d1965 215 $a[194]-198 p.$d24 cm 300 $aEstratto da: Rivista di diritto civile, anno 11, n. 2, parte seconda (1965) 606 0 $aTestamento$2BNCF 676 $a340 700 1$aCASTELLANO,$bGaetano$f<1935-1987>$0153811 801 0$aIT$bcba$gREICAT 912 $a996697072103316 951 $aXVI.7.Misc. 1367$b1386 FBUO$cXVI.7.Misc 951 $aXVI.7.Misc. 2079 23$b2114-23 FBUO$cXVI.7.Misc. 959 $aBK 969 $aFBUO 996 $aCose lette$94523794 997 $aUNISA